Dizzy:the life and nature of benjamin disraeli, earl of beaconsfield (Record no. 414458)

000 -LEADER
fixed length control field 00499cam a22001217a 4500
008 - FIXED-LENGTH DATA ELEMENTS--GENERAL INFORMATION
fixed length control field 180718b1951 xxu||||| |||| 00| 0 eng d
082 ## - DEWEY DECIMAL CLASSIFICATION NUMBER
Classification number A99 D632/P317
100 ## - MAIN ENTRY--PERSONAL NAME
Personal name Pearson, Hesketh
245 ## - TITLE STATEMENT
Title Dizzy:the life and nature of benjamin disraeli, earl of beaconsfield
Statement of responsibility, etc. by Hesketh Pearson
260 ## - PUBLICATION, DISTRIBUTION, ETC.
Place of publication, distribution, etc. London
Name of publisher, distributor, etc. Methuen
Date of publication, distribution, etc. 1951
300 ## - PHYSICAL DESCRIPTION
Extent 284p.
650 ## - SUBJECT ADDED ENTRY--TOPICAL TERM
Topical term or geographic name entry element Disraeli, Benjamin, Earl of Beaconsfield, 1804-1881. Prime ministers -Great Britain -Biography.Great Britain -Politics and government -1837-1901.
Holdings
Withdrawn status Lost status Damaged status Not for loan Permanent Location Current Location Date acquired Full call number Barcode Date last seen Price effective from Koha item type
        Indian Institute of Public Administration Indian Institute of Public Administration 2009-02-24 A99 D632/P317 8108 2018-07-21 2018-07-21 Book

Powered by Koha